000 00766nam a2200289Ia 4500
005 20260324151021.0
008 008 260324s9999 xx 000 0 eng d
020 _a9781315123745
037 _aEBOOK
040 _aCRL
040 _beng
040 _cCRL
041 _2eng
041 _aeng
084 _qCRL
100 _aWilhelm Wundt
_91194452
245 0 _aRevival: Ethics: An Investigation of the Facts and Laws of Moral Life (1914)
245 0 _bVolume III: The Principles of Morality and the Sphere of their Validity
260 _bTaylor and Francis
260 _c1914
365 _a
365 _b350
856 _uhttp://www.taylorfrancis.com/books/9781315123745
942 _cEBOOK
999 _c1838849
_d1838849